[Event "Najdorf Memorial"]
[Site "Warsaw POL"]
[Date "2021.07.17"]
[Round "8.22"]
[White "Malicka, Maria"]
[Black "Sowul, Bartosz"]
[Result "0-1"]
[BlackElo "2186"]
[WhiteElo "2272"]
[LiveChessVersion "1.4.8"]

1. e4 {[%clk 1:30:58]} c5 {[%clk 1:30:54]} 2. Nf3 {[%clk 1:31:24]} Nc6
{[%clk 1:31:18]} 3. d4 {[%clk 1:31:51]} cxd4 {[%clk 1:31:42]} 4. Nxd4
{[%clk 1:32:18]} Nf6 {[%clk 1:31:25]} 5. Nc3 {[%clk 1:32:43]} d6 {[%clk 1:31:46]}
6. f3 {[%clk 1:31:30]} e5 {[%clk 1:29:45]} 7. Nb3 {[%clk 1:31:55]} Be7
{[%clk 1:30:11]} 8. Be3 {[%clk 1:32:15]} O-O {[%clk 1:30:22]} 9. Qd2
{[%clk 1:32:37]} a5 {[%clk 1:30:45]} 10. Bb5 {[%clk 1:32:17]} Na7
{[%clk 1:30:49]} 11. Bxa7 {[%clk 1:32:17]} Rxa7 {[%clk 1:31:01]} 12. O-O-O
{[%clk 1:32:15]} Be6 {[%clk 1:20:29]} 13. Kb1 {[%clk 1:32:33]} Ra8
{[%clk 1:13:26]} 14. a4 {[%clk 1:28:57]} Qb6 {[%clk 1:04:23]} 15. g4
{[%clk 1:29:11]} Rfd8 {[%clk 0:59:11]} 16. g5 {[%clk 1:26:58]} Nh5
{[%clk 0:59:33]} 17. h4 {[%clk 1:26:42]} Nf4 {[%clk 0:50:18]} 18. Nd5
{[%clk 1:27:07]} Nxd5 {[%clk 0:50:22]} 19. exd5 {[%clk 1:27:32]} Bf5
{[%clk 0:50:48]} 20. Bd3 {[%clk 1:24:19]} Bxd3 {[%clk 0:51:08]} 21. Qxd3
{[%clk 1:24:45]} Qb4 {[%clk 0:49:25]} 22. Rdg1 {[%clk 0:59:54]} Qxa4
{[%clk 0:44:22]} 23. h5 {[%clk 1:00:04]} Qd7 {[%clk 0:42:25]} 24. Nd2
{[%clk 0:57:52]} Rf8 {[%clk 0:34:43]} 25. Ne4 {[%clk 0:41:45]} f5
{[%clk 0:27:28]} 26. gxf6 {[%clk 0:42:10]} Bxf6 {[%clk 0:27:54]} 27. Rg3
{[%clk 0:41:33]} Rf7 {[%clk 0:17:20]} 28. Rhg1 {[%clk 0:38:11]} Be7
{[%clk 0:16:32]} 29. Qd2 {[%clk 0:22:49]} Kh8 {[%clk 0:14:51]} 30. Qg2
{[%clk 0:21:16]} Rg8 {[%clk 0:13:53]} 31. Qd2 {[%clk 0:15:03]} Ra8
{[%clk 0:13:55]} 32. Qg2 {[%clk 0:15:15]} Rg8 {[%clk 0:14:19]} 33. Qd2
{[%clk 0:15:42]} Qd8 {[%clk 0:13:51]} 34. c4 {[%clk 0:14:18]} b6 {[%clk 0:12:22]}
35. Qe3 {[%clk 0:13:58]} Rf5 {[%clk 0:09:41]} 36. h6 {[%clk 0:09:00]} g6
{[%clk 0:09:14]} 37. Nc3 {[%clk 0:09:14]} Qc7 {[%clk 0:07:19]} 38. b3
{[%clk 0:08:57]} Rgf8 {[%clk 0:06:12]} 39. Nb5 {[%clk 0:08:23]} Qc5
{[%clk 0:05:33]} 40. Qe2 {[%clk 0:31:34]} Bh4 {[%clk 0:34:19]} 41. Rg4
{[%clk 0:28:11]} Rxf3 {[%clk 0:32:10]} 42. Qc2 {[%clk 0:28:16]} Rf1+
{[%clk 0:32:25]} 0-1

[Event "Najdorf Memorial"]
[Site "Warsaw POL"]
[Date "2021.07.17"]
[Round "8.23"]
[White "Bus, Konrad"]
[Black "Kaczmarek, Arkadiusz"]
[Result "1-0"]
[BlackElo "2147"]
[WhiteElo "2266"]
[LiveChessVersion "1.4.8"]

1. d4 {[%clk 1:30:57]} d5 {[%clk 1:30:46]} 2. Nf3 {[%clk 1:31:19]} Nf6
{[%clk 1:31:01]} 3. c4 {[%clk 1:31:43]} c6 {[%clk 1:31:07]} 4. Nc3
{[%clk 1:31:52]} e6 {[%clk 1:31:14]} 5. Bg5 {[%clk 1:32:01]} Nbd7
{[%clk 1:31:09]} 6. e3 {[%clk 1:30:36]} Qa5 {[%clk 1:31:17]} 7. Nd2
{[%clk 1:30:06]} Bb4 {[%clk 1:31:18]} 8. Qc2 {[%clk 1:29:20]} dxc4
{[%clk 1:31:21]} 9. Bxf6 {[%clk 1:27:35]} Nxf6 {[%clk 1:31:31]} 10. Nxc4
{[%clk 1:27:50]} Qc7 {[%clk 1:31:46]} 11. Be2 {[%clk 1:24:13]} c5
{[%clk 1:28:30]} 12. O-O {[%clk 1:21:35]} Bd7 {[%clk 1:26:29]} 13. Ne5
{[%clk 1:12:22]} cxd4 {[%clk 1:19:45]} 14. Nxd7 {[%clk 1:11:35]} Nxd7
{[%clk 1:19:39]} 15. exd4 {[%clk 1:11:27]} O-O {[%clk 1:11:11]} 16. Qb3
{[%clk 1:06:53]} Bxc3 {[%clk 1:00:10]} 17. Rac1 {[%clk 1:00:42]} Nb6
{[%clk 0:56:59]} 18. bxc3 {[%clk 0:54:53]} Rfd8 {[%clk 0:56:45]} 19. Rfd1
{[%clk 0:51:02]} e5 {[%clk 0:43:28]} 20. Bf3 {[%clk 0:46:44]} exd4
{[%clk 0:30:53]} 21. cxd4 {[%clk 0:46:27]} Qd7 {[%clk 0:31:02]} 22. Rc5
{[%clk 0:37:51]} Re8 {[%clk 0:26:36]} 23. h3 {[%clk 0:31:49]} Re7
{[%clk 0:23:12]} 24. Rb5 {[%clk 0:27:40]} Rb8 {[%clk 0:17:25]} 25. Ra5
{[%clk 0:23:35]} Nc8 {[%clk 0:13:13]} 26. Bg4 {[%clk 0:21:32]} Qd8
{[%clk 0:13:20]} 27. Qg3 {[%clk 0:17:32]} Ra8 {[%clk 0:10:00]} 28. Re5
{[%clk 0:16:06]} Nb6 {[%clk 0:05:55]} 29. Rde1 {[%clk 0:15:01]} Rxe5
{[%clk 0:05:55]} 30. dxe5 {[%clk 0:14:48]} Qd2 {[%clk 0:04:18]} 31. Re2
{[%clk 0:12:14]} Qd1+ {[%clk 0:04:45]} 32. Kh2 {[%clk 0:12:35]} Qd4
{[%clk 0:04:44]} 33. e6 {[%clk 0:09:40]} fxe6 {[%clk 0:04:47]} 34. Bxe6+
{[%clk 0:10:03]} Kh8 {[%clk 0:05:09]} 35. Bb3 {[%clk 0:08:43]} Qf6
{[%clk 0:02:48]} 36. Re6 {[%clk 0:08:13]} Qf8 {[%clk 0:02:43]} 37. Qe3
{[%clk 0:05:51]} Nd7 {[%clk 0:02:07]} 38. Re7 {[%clk 0:05:11]} Qb8+
{[%clk 0:00:36]} 39. g3 {[%clk 0:04:30]} Nf6 {[%clk 0:00:44]} 40. Qg5
{[%clk 0:33:49]} Qf8 {[%clk 0:30:44]} 41. Rf7 {[%clk 0:29:29]} Qg8
{[%clk 0:31:03]} 42. Rxb7 {[%clk 0:27:26]} Qf8 {[%clk 0:31:17]} 43. Rf7
{[%clk 0:26:55]} Qg8 {[%clk 0:31:38]} 44. Rxf6 {[%clk 0:23:34]} gxf6
{[%clk 0:31:46]} 45. Qxg8+ {[%clk 0:23:56]} Rxg8 {[%clk 0:32:04]} 46. Bxg8
{[%clk 0:24:22]} Kxg8 47. Kg2 {[%clk 0:23:53]} Kf7 {[%clk 0:32:46]} 48. Kf3
{[%clk 0:24:13]} Ke6 {[%clk 0:33:04]} 49. Ke4 {[%clk 0:24:36]} a5
{[%clk 0:30:20]} 50. a4 {[%clk 0:22:36]} 1-0

[Event "Najdorf Memorial"]
[Site "Warsaw POL"]
[Date "2021.07.17"]
[Round "8.24"]
[White "Dwilewicz, Katarzyna"]
[Black "Zochowski, Kacper"]
[Result "1/2-1/2"]
[BlackElo "2262"]
[WhiteElo "2082"]
[LiveChessVersion "1.4.8"]

1. e4 {[%clk 1:30:58]} e6 {[%clk 1:22:07]} 2. d4 {[%clk 1:31:04]} d5
{[%clk 1:22:22]} 3. Nd2 {[%clk 1:31:20]} c5 {[%clk 1:22:36]} 4. Ngf3
{[%clk 1:31:31]} Nc6 {[%clk 1:20:48]} 5. exd5 {[%clk 1:29:35]} exd5
{[%clk 1:20:01]} 6. Bb5 {[%clk 1:23:48]} cxd4 {[%clk 1:19:55]} 7. O-O
{[%clk 1:22:50]} Bd6 {[%clk 1:20:10]} 8. Nb3 {[%clk 1:20:56]} Nge7
{[%clk 1:19:43]} 9. h3 {[%clk 1:19:42]} O-O {[%clk 1:18:36]} 10. Nbxd4
{[%clk 1:17:41]} Bc7 {[%clk 1:05:12]} 11. Re1 {[%clk 1:03:09]} Qd6
{[%clk 0:57:05]} 12. c3 {[%clk 0:57:36]} a6 {[%clk 0:40:28]} 13. Ba4
{[%clk 0:53:41]} Ng6 {[%clk 0:27:16]} 14. Bc2 {[%clk 0:42:53]} Bd7
{[%clk 0:26:01]} 15. Qd3 {[%clk 0:40:21]} Rfe8 {[%clk 0:14:14]} 16. Bd2
{[%clk 0:39:20]} Nf8 {[%clk 0:12:33]} 17. Nf5 {[%clk 0:32:00]} Bxf5
{[%clk 0:12:49]} 18. Qxf5 {[%clk 0:32:25]} g6 {[%clk 0:12:21]} 19. Qg4
{[%clk 0:23:45]} Ne5 {[%clk 0:06:21]} 20. Nxe5 {[%clk 0:21:20]} Rxe5
{[%clk 0:06:48]} 21. Rxe5 {[%clk 0:18:19]} Qxe5 {[%clk 0:07:18]} 22. g3
{[%clk 0:18:41]} Ne6 {[%clk 0:05:30]} 23. Re1 Qf6 24. Bb3 {[%clk 0:16:29]} Bb6
{[%clk 0:06:12]} 25. Qe2 {[%clk 0:12:58]} Rd8 {[%clk 0:05:06]} 26. Kg2
{[%clk 0:12:37]} Kg7 {[%clk 0:01:57]} 27. h4 {[%clk 0:09:27]} Rd7
{[%clk 0:01:20]} 28. h5 {[%clk 0:06:29]} gxh5 {[%clk 0:01:39]} 29. Qe5
{[%clk 0:06:26]} d4 {[%clk 0:00:50]} 30. Bxe6 {[%clk 0:06:18]} fxe6
{[%clk 0:00:38]} 31. Qxh5 {[%clk 0:04:30]} Rf7 {[%clk 0:00:41]} 32. f3
{[%clk 0:03:49]} Kf8 {[%clk 0:00:36]} 33. Bh6+ {[%clk 0:01:32]} Ke8
{[%clk 0:00:37]} 34. Qg4 {[%clk 0:01:43]} Kd7 {[%clk 0:00:54]} 35. Bd2
{[%clk 0:01:05]} Qf5 {[%clk 0:00:35]} 36. Qxf5 {[%clk 0:00:58]} Rxf5
{[%clk 0:00:56]} 37. g4 {[%clk 0:00:38]} Rf7 {[%clk 0:00:39]} 38. cxd4
{[%clk 0:00:44]} Bxd4 {[%clk 0:01:04]} 39. b3 {[%clk 0:01:09]} e5
{[%clk 0:01:03]} 40. Rc1 {[%clk 0:30:37]} Ke6 {[%clk 0:30:33]} 41. Rc8
{[%clk 0:27:29]} Bb6 {[%clk 0:25:18]} 42. Bc3 {[%clk 0:25:07]} Kd5
{[%clk 0:23:06]} 43. Re8 {[%clk 0:18:26]} Bc7 {[%clk 0:22:46]} 44. Kf2
{[%clk 0:18:26]} Bd6 {[%clk 0:22:39]} 45. Ke2 {[%clk 0:18:29]} Rc7 1/2-1/2

[Event "Najdorf Memorial"]
[Site "Warsaw POL"]
[Date "2021.07.17"]
[Round "8.25"]
[White "Czernek, Tymon"]
[Black "Reza, Wojciech"]
[Result "1/2-1/2"]
[BlackElo "2304"]
[WhiteElo "2171"]
[LiveChessVersion "1.4.8"]

1. e4 {[%clk 1:30:56]} e5 {[%clk 1:30:50]} 2. Nf3 {[%clk 1:31:20]} Nc6
{[%clk 1:31:11]} 3. Bc4 {[%clk 1:31:46]} Bc5 {[%clk 1:31:22]} 4. c3
{[%clk 1:31:56]} Nf6 {[%clk 1:31:47]} 5. d3 {[%clk 1:32:22]} a6 {[%clk 1:31:53]}
6. O-O {[%clk 1:32:17]} Ba7 {[%clk 1:32:18]} 7. a4 {[%clk 1:31:52]} d6
{[%clk 1:26:18]} 8. Re1 {[%clk 1:31:26]} O-O {[%clk 1:23:53]} 9. h3
{[%clk 1:31:50]} b5 {[%clk 1:22:09]} 10. Bb3 {[%clk 1:29:39]} b4 {[%clk 1:22:26]}
11. Nbd2 {[%clk 1:07:27]} Rb8 {[%clk 1:20:09]} 12. Nf1 {[%clk 1:06:26]} Na5
{[%clk 1:14:28]} 13. Bc2 {[%clk 1:05:49]} bxc3 {[%clk 0:46:04]} 14. bxc3
{[%clk 1:06:09]} Re8 {[%clk 0:43:46]} 15. Ng3 {[%clk 1:02:23]} Be6
{[%clk 0:34:27]} 16. Bg5 {[%clk 0:43:32]} h6 {[%clk 0:34:34]} 17. Bh4
{[%clk 0:42:12]} g5 {[%clk 0:17:20]} 18. Nxg5 {[%clk 0:42:34]} Ng4
{[%clk 0:17:47]} 19. Nf5 {[%clk 0:38:21]} Bxf5 {[%clk 0:14:37]} 20. Nf3
{[%clk 0:34:43]} Bxf2+ {[%clk 0:13:15]} 21. Bxf2 {[%clk 0:35:10]} Nxf2
{[%clk 0:13:40]} 22. Kxf2 {[%clk 0:33:48]} Bg6 {[%clk 0:13:41]} 23. Kg1
{[%clk 0:31:24]} Kg7 {[%clk 0:11:06]} 24. d4 {[%clk 0:29:07]} Qe7
{[%clk 0:07:13]} 25. Qd3 {[%clk 0:26:04]} Rb6 {[%clk 0:06:13]} 26. Rab1
{[%clk 0:25:55]} Reb8 {[%clk 0:02:22]} 27. Rxb6 {[%clk 0:25:12]} Rxb6
{[%clk 0:02:41]} 28. dxe5 {[%clk 0:25:03]} dxe5 {[%clk 0:02:55]} 29. Qd5
{[%clk 0:25:28]} Nc6 {[%clk 0:02:39]} 30. a5 {[%clk 0:25:18]} Rb2
{[%clk 0:02:58]} 31. Ba4 {[%clk 0:25:29]} Na7 {[%clk 0:01:16]} 32. Re3
{[%clk 0:12:46]} Qd6 {[%clk 0:00:55]} 33. Nxe5 {[%clk 0:09:15]} Qxd5
{[%clk 0:01:03]} 34. exd5 {[%clk 0:09:44]} Ra2 {[%clk 0:01:21]} 35. Nxg6
{[%clk 0:09:10]} Rxa4 {[%clk 0:00:41]} 36. Ne5 {[%clk 0:09:32]} Rxa5
{[%clk 0:01:00]} 37. c4 {[%clk 0:09:57]} Nc8 {[%clk 0:00:42]} 38. Rg3+
{[%clk 0:09:19]} Kf6 {[%clk 0:01:06]} 39. Ng4+ {[%clk 0:08:04]} Kg5
{[%clk 0:01:13]} 40. Ne3+ {[%clk 0:37:14]} Kf6 {[%clk 0:30:49]} 41. Rf3+
{[%clk 0:36:55]} Kg6 {[%clk 0:29:33]} 42. Ng4 {[%clk 0:35:46]} Nd6
{[%clk 0:29:24]} 43. Ne5+ {[%clk 0:35:53]} Kg7 {[%clk 0:28:58]} 44. Nd7
{[%clk 0:35:44]} f6 {[%clk 0:13:34]} 45. Nxf6 {[%clk 0:34:16]} Kg6
{[%clk 0:09:15]} 46. Ng4 {[%clk 0:32:51]} h5 {[%clk 0:04:51]} 47. Ne5+
{[%clk 0:33:13]} Kg7 {[%clk 0:05:13]} 48. Kh2 {[%clk 0:32:36]} Rc5
{[%clk 0:04:30]} 49. Rg3+ {[%clk 0:32:48]} Kh7 {[%clk 0:04:38]} 50. Ra3
{[%clk 0:31:42]} a5 {[%clk 0:04:12]} 51. Ra4 {[%clk 0:28:39]} c6 {[%clk 0:03:51]}
52. Nd3 {[%clk 0:26:28]} Rxc4 {[%clk 0:04:09]} 53. Rxc4 {[%clk 0:26:21]} Nxc4
{[%clk 0:04:35]} 54. dxc6 {[%clk 0:26:47]} Nd6 {[%clk 0:03:58]} 55. Nb2
{[%clk 0:24:53]} h4 {[%clk 0:02:53]} 56. c7 {[%clk 0:24:47]} Nc8 {[%clk 0:03:17]}
57. Kg1 {[%clk 0:25:01]} Kg6 {[%clk 0:02:34]} 58. Kf2 {[%clk 0:25:29]} Kf5
{[%clk 0:02:06]} 59. Kf3 {[%clk 0:25:21]} Ke6 {[%clk 0:02:04]} 60. Kg4
{[%clk 0:25:05]} Kd7 {[%clk 0:02:16]} 61. Kxh4 {[%clk 0:25:03]} Kxc7
{[%clk 0:02:42]} 62. Kg5 {[%clk 0:25:19]} Kd7 {[%clk 0:02:36]} 63. Kf6
{[%clk 0:24:56]} Nd6 {[%clk 0:01:58]} 64. h4 {[%clk 0:23:57]} Ne4+
{[%clk 0:01:49]} 65. Kg6 {[%clk 0:21:16]} Ke7 {[%clk 0:01:41]} 66. g4
{[%clk 0:21:00]} Kf8 {[%clk 0:01:40]} 67. Na4 {[%clk 0:19:39]} Kg8
{[%clk 0:01:30]} 68. g5 {[%clk 0:19:48]} Nd6 {[%clk 0:00:49]} 69. Nc5
{[%clk 0:19:43]} Nc4 {[%clk 0:00:46]} 70. Kf6 {[%clk 0:19:07]} Nb6
{[%clk 0:01:03]} 71. h5 {[%clk 0:16:57]} a4 {[%clk 0:01:15]} 72. h6
{[%clk 0:12:50]} a3 {[%clk 0:01:29]} 73. g6 {[%clk 0:09:09]} Nd5+
{[%clk 0:01:02]} 74. Kg5 {[%clk 0:08:20]} a2 {[%clk 0:00:54]} 75. h7+
{[%clk 0:07:01]} Kh8 {[%clk 0:01:09]} 76. Nb3 {[%clk 0:07:21]} Kg7
{[%clk 0:01:03]} 77. Kf5 {[%clk 0:07:03]} 1/2-1/2

[Event "Najdorf Memorial"]
[Site "Warsaw POL"]
[Date "2021.07.17"]
[Round "8.26"]
[White "Cukrowski, Filip"]
[Black "Smieszek, Wojciech"]
[Result "1-0"]
[BlackElo "2107"]
[WhiteElo "2389"]
[LiveChessVersion "1.4.8"]

1. Nf3 {[%clk 1:30:59]} Nf6 {[%clk 1:30:20]} 2. c4 {[%clk 1:31:22]} c5
{[%clk 1:30:43]} 3. Nc3 {[%clk 1:31:47]} d5 {[%clk 1:30:12]} 4. cxd5
{[%clk 1:32:04]} Nxd5 {[%clk 1:30:36]} 5. e4 {[%clk 1:32:29]} Nxc3
{[%clk 1:28:23]} 6. dxc3 {[%clk 1:32:49]} Qc7 {[%clk 1:27:06]} 7. Be3
{[%clk 1:26:46]} Bd7 {[%clk 1:24:13]} 8. Bc4 {[%clk 1:22:45]} Bc6
{[%clk 1:20:33]} 9. O-O {[%clk 1:22:28]} Nd7 {[%clk 1:19:02]} 10. Ng5
{[%clk 1:07:39]} e6 {[%clk 1:17:40]} 11. f4 {[%clk 1:08:01]} Nf6 {[%clk 1:08:45]}
12. f5 {[%clk 1:01:17]} Bd6 {[%clk 1:04:08]} 13. e5 {[%clk 0:44:53]} Bxe5
{[%clk 0:57:08]} 14. fxe6 {[%clk 0:44:48]} O-O {[%clk 0:57:07]} 15. exf7+
{[%clk 0:40:39]} Kh8 {[%clk 0:57:31]} 16. Qc2 {[%clk 0:30:04]} g6
{[%clk 0:44:21]} 17. Rxf6 {[%clk 0:24:18]} Bxf6 {[%clk 0:41:06]} 18. Qf2
{[%clk 0:24:44]} Qe5 {[%clk 0:37:23]} 19. Bf4 {[%clk 0:18:54]} Qf5
{[%clk 0:32:37]} 20. Be6 {[%clk 0:19:17]} Qd3 {[%clk 0:32:44]} 21. Be3
{[%clk 0:18:58]} Kg7 {[%clk 0:26:30]} 22. Rf1 {[%clk 0:08:36]} Be7
{[%clk 0:23:48]} 23. Nxh7 {[%clk 0:06:32]} Qe4 {[%clk 0:17:01]} 24. Nxf8
{[%clk 0:06:17]} Rxf8 {[%clk 0:15:36]} 25. Bh3 {[%clk 0:03:51]} Bd5
{[%clk 0:14:46]} 26. Bxc5 {[%clk 0:04:00]} Bxc5 {[%clk 0:12:52]} 27. Qxc5
{[%clk 0:04:24]} Rxf7 {[%clk 0:13:14]} 28. Qd4+ {[%clk 0:02:27]} Qxd4+
{[%clk 0:13:37]} 29. cxd4 {[%clk 0:02:52]} Bxa2 {[%clk 0:13:57]} 30. Rxf7+
{[%clk 0:03:05]} Kxf7 {[%clk 0:14:22]} 31. Kf2 {[%clk 0:03:29]} b5
{[%clk 0:13:08]} 32. Bd7 {[%clk 0:02:18]} Bc4 {[%clk 0:09:06]} 33. b4
{[%clk 0:02:20]} Ke7 {[%clk 0:06:17]} 34. Bc6 {[%clk 0:02:46]} Ke6
{[%clk 0:06:20]} 35. h4 {[%clk 0:02:45]} Bd3 {[%clk 0:06:03]} 36. Ke3
{[%clk 0:03:03]} Bf1 {[%clk 0:06:17]} 37. g4 {[%clk 0:03:19]} Kf6
{[%clk 0:04:44]} 38. g5+ {[%clk 0:03:01]} Kf7 {[%clk 0:04:25]} 39. Be4
{[%clk 0:02:59]} Bh3 {[%clk 0:03:19]} 40. d5 {[%clk 0:33:22]} 1-0

[Event "Najdorf Memorial"]
[Site "Warsaw POL"]
[Date "2021.07.17"]
[Round "8.27"]
[White "Musial, Tomasz"]
[Black "Zylka, Stanislaw"]
[Result "0-1"]
[BlackElo "2362"]
[WhiteElo "2121"]
[LiveChessVersion "1.4.8"]

1. d4 {[%clk 1:30:57]} d6 {[%clk 1:30:53]} 2. Nf3 {[%clk 1:30:43]} Nf6
{[%clk 1:31:10]} 3. c4 {[%clk 1:30:38]} g6 {[%clk 1:31:29]} 4. g3
{[%clk 1:30:50]} Bf5 {[%clk 1:31:51]} 5. Bg2 {[%clk 1:30:10]} Qc8
{[%clk 1:31:59]} 6. O-O {[%clk 1:29:02]} Bg7 {[%clk 1:31:40]} 7. Nc3
{[%clk 1:27:34]} O-O {[%clk 1:31:19]} 8. Bf4 {[%clk 1:19:54]} c6 {[%clk 1:28:27]}
9. Qd2 {[%clk 1:14:25]} Re8 {[%clk 1:27:24]} 10. Rac1 {[%clk 1:07:02]} Ne4
{[%clk 1:24:59]} 11. Nxe4 {[%clk 1:07:02]} Bxe4 {[%clk 1:25:22]} 12. Bh6
{[%clk 1:03:16]} Bh8 {[%clk 1:22:35]} 13. Qf4 {[%clk 0:58:31]} Qf5
{[%clk 1:21:05]} 14. Qxf5 {[%clk 0:54:51]} Bxf5 {[%clk 1:21:15]} 15. Rfd1
{[%clk 0:53:33]} a5 {[%clk 1:18:18]} 16. Bd2 {[%clk 0:49:47]} e5 {[%clk 1:16:27]}
17. dxe5 {[%clk 0:48:03]} dxe5 {[%clk 1:16:43]} 18. Bc3 {[%clk 0:45:29]} Nd7
{[%clk 1:11:39]} 19. Nd2 {[%clk 0:38:11]} Nc5 {[%clk 1:10:46]} 20. b3
{[%clk 0:38:35]} e4 {[%clk 1:07:27]} 21. Bxh8 {[%clk 0:36:33]} Kxh8
{[%clk 1:07:50]} 22. Nf1 {[%clk 0:36:59]} Kg7 {[%clk 1:07:41]} 23. Ne3
{[%clk 0:32:09]} Be6 {[%clk 1:05:56]} 24. Rd4 {[%clk 0:29:14]} f5
{[%clk 1:05:43]} 25. f3 {[%clk 0:27:22]} exf3 {[%clk 1:03:20]} 26. exf3
{[%clk 0:27:45]} f4 {[%clk 0:54:50]} 27. gxf4 {[%clk 0:23:32]} Bf5
{[%clk 0:46:36]} 28. Nxf5+ {[%clk 0:20:32]} gxf5 {[%clk 0:46:57]} 29. Kf2
{[%clk 0:18:31]} Re6 {[%clk 0:45:16]} 30. Re1 {[%clk 0:17:34]} Kf6
{[%clk 0:44:16]} 31. Rxe6+ {[%clk 0:15:37]} Nxe6 {[%clk 0:43:55]} 32. Rd7
{[%clk 0:15:28]} h5 {[%clk 0:31:55]} 33. Rxb7 {[%clk 0:14:07]} Rd8
{[%clk 0:32:03]} 34. Ke3 {[%clk 0:09:47]} Rd1 {[%clk 0:31:53]} 35. Rb6
{[%clk 0:09:06]} c5 {[%clk 0:31:22]} 36. Ra6 {[%clk 0:07:07]} Re1+
{[%clk 0:30:16]} 37. Kf2 {[%clk 0:07:12]} Rb1 {[%clk 0:30:28]} 38. Rxa5
{[%clk 0:05:45]} Rb2+ {[%clk 0:30:51]} 39. Kg1 {[%clk 0:06:04]} Nxf4
{[%clk 0:31:02]} 40. Bf1 {[%clk 0:36:20]} Ne6 {[%clk 1:00:48]} 41. h4
{[%clk 0:20:51]} Ke5 {[%clk 1:00:23]} 42. Ra6 {[%clk 0:18:59]} Nd4
{[%clk 1:00:17]} 43. Bg2 Kf4 {[%clk 1:00:29]} 44. Rh6 {[%clk 0:16:51]} Kg3
{[%clk 0:59:01]} 45. Rg6+ {[%clk 0:16:56]} Kxh4 {[%clk 0:58:59]} 46. a4
{[%clk 0:14:27]} Rxb3 {[%clk 0:59:02]} 47. a5 {[%clk 0:12:14]} Ra3
{[%clk 0:59:24]} 48. Kh2 {[%clk 0:07:59]} Rxa5 {[%clk 0:57:42]} 49. f4
{[%clk 0:07:55]} Ra2 {[%clk 0:57:35]} 50. Rg3 {[%clk 0:07:32]} Ne6
{[%clk 0:57:50]} 51. Rh3+ {[%clk 0:07:10]} Kg4 {[%clk 0:58:14]} 52. Rg3+
{[%clk 0:07:37]} Kxf4 {[%clk 0:58:31]} 53. Rh3 {[%clk 0:07:01]} Ke5
{[%clk 0:58:43]} 54. Kh1 {[%clk 0:06:33]} Nf4 {[%clk 0:59:00]} 55. Re3+
{[%clk 0:06:42]} Kd4 {[%clk 0:59:23]} 0-1

[Event "Najdorf Memorial"]
[Site "Warsaw POL"]
[Date "2021.07.17"]
[Round "8.28"]
[White "Redzisz, Michal"]
[Black "Jarzebowski, Kacper"]
[Result "0-1"]
[BlackElo "2110"]
[WhiteElo "2246"]
[LiveChessVersion "1.4.8"]

1. d4 {[%clk 1:30:58]} Nf6 {[%clk 1:30:48]} 2. Bg5 {[%clk 1:31:22]} Ne4
{[%clk 1:31:10]} 3. Bf4 {[%clk 1:31:39]} d5 {[%clk 1:31:10]} 4. e3
{[%clk 1:32:06]} c5 {[%clk 1:31:31]} 5. Bd3 {[%clk 1:32:32]} Nf6 {[%clk 1:30:52]}
6. c3 {[%clk 1:32:34]} Nc6 {[%clk 1:31:08]} 7. Nd2 {[%clk 1:32:01]} Bg4
{[%clk 1:31:12]} 8. Ngf3 {[%clk 1:24:04]} Qb6 {[%clk 1:30:49]} 9. Qc1
{[%clk 0:59:41]} e6 {[%clk 1:31:03]} 10. O-O {[%clk 1:00:09]} Rc8
{[%clk 1:29:06]} 11. a3 {[%clk 0:52:42]} Be7 {[%clk 1:28:43]} 12. dxc5
{[%clk 0:52:57]} Qxc5 {[%clk 1:26:36]} 13. b4 {[%clk 0:52:35]} Qb6
{[%clk 1:25:54]} 14. c4 {[%clk 0:52:55]} O-O {[%clk 1:25:52]} 15. c5
{[%clk 0:47:09]} Qd8 {[%clk 1:26:20]} 16. Ne5 {[%clk 0:39:39]} Nxe5
{[%clk 1:25:24]} 17. Bxe5 {[%clk 0:40:07]} Bh5 {[%clk 1:24:55]} 18. Qb2
{[%clk 0:39:27]} Bg6 {[%clk 1:24:57]} 19. Bxg6 {[%clk 0:39:48]} hxg6
{[%clk 1:25:18]} 20. Rfd1 {[%clk 0:39:50]} b6 {[%clk 1:09:17]} 21. cxb6
{[%clk 0:40:05]} Qxb6 {[%clk 1:09:41]} 22. Nb3 {[%clk 0:36:18]} Qb5
{[%clk 0:54:39]} 23. Rac1 {[%clk 0:35:54]} Rfd8 {[%clk 0:53:17]} 24. Rd2
{[%clk 0:15:56]} Rxc1+ {[%clk 0:36:30]} 25. Qxc1 {[%clk 0:16:18]} Ne4
{[%clk 0:36:46]} 26. Rc2 {[%clk 0:14:19]} Qd3 {[%clk 0:35:46]} 27. Na5
{[%clk 0:11:56]} Bf8 {[%clk 0:28:02]} 28. Bd4 {[%clk 0:10:00]} Qa6
{[%clk 0:19:52]} 29. Qf1 {[%clk 0:09:14]} Qxf1+ {[%clk 0:16:20]} 30. Kxf1
{[%clk 0:09:41]} Nd6 {[%clk 0:16:30]} 31. Nc6 {[%clk 0:05:30]} Ra8
{[%clk 0:14:43]} 32. a4 {[%clk 0:04:43]} a6 {[%clk 0:14:13]} 33. Ke2
{[%clk 0:04:03]} f6 {[%clk 0:11:56]} 34. f4 {[%clk 0:03:45]} Kf7 {[%clk 0:12:16]}
35. Na5 {[%clk 0:03:47]} Ne8 {[%clk 0:06:45]} 36. Nc6 {[%clk 0:02:17]} Nd6
{[%clk 0:07:02]} 37. Na5 {[%clk 0:00:56]} Ne8 {[%clk 0:07:16]} 38. Bc5
{[%clk 0:00:39]} Rc8 {[%clk 0:05:58]} 39. Nb7 {[%clk 0:00:49]} Nd6
{[%clk 0:05:32]} 40. Nxd6+ {[%clk 0:30:54]} Bxd6 {[%clk 0:36:00]} 41. Kd3
{[%clk 0:25:01]} Bxc5 {[%clk 0:33:46]} 42. bxc5 {[%clk 0:24:18]} Ke7
{[%clk 0:33:54]} 43. e4 {[%clk 0:23:10]} dxe4+ {[%clk 0:29:46]} 44. Kxe4
{[%clk 0:23:36]} Rb8 {[%clk 0:29:56]} 45. Rc4 {[%clk 0:21:18]} a5
{[%clk 0:27:58]} 46. c6 {[%clk 0:18:50]} Kd6 {[%clk 0:24:50]} 47. c7
{[%clk 0:19:17]} Rc8 {[%clk 0:25:14]} 48. Kd4 {[%clk 0:19:45]} Rxc7
{[%clk 0:18:51]} 49. Rxc7 {[%clk 0:20:12]} Kxc7 {[%clk 0:19:13]} 50. Kc5
{[%clk 0:20:41]} g5 {[%clk 0:18:24]} 51. fxg5 {[%clk 0:20:19]} fxg5
{[%clk 0:18:51]} 52. Kb5 {[%clk 0:18:27]} Kd6 {[%clk 0:19:20]} 53. Kxa5
{[%clk 0:18:54]} Kc5 {[%clk 0:19:43]} 54. Ka6 {[%clk 0:19:16]} e5
{[%clk 0:12:24]} 55. Kb7 {[%clk 0:19:43]} e4 {[%clk 0:12:46]} 56. a5
{[%clk 0:20:11]} e3 {[%clk 0:13:10]} 57. a6 {[%clk 0:20:41]} e2 {[%clk 0:13:32]}
58. a7 {[%clk 0:21:09]} e1=Q {[%clk 0:13:53]} 59. a8=Q {[%clk 0:21:37]} Qe7+
{[%clk 0:12:17]} 60. Kc8 {[%clk 0:19:30]} Qe8+ {[%clk 0:12:32]} 61. Kb7
{[%clk 0:19:54]} Qd7+ {[%clk 0:12:35]} 62. Ka6 {[%clk 0:20:18]} Qb5+
{[%clk 0:12:51]} 63. Ka7 {[%clk 0:20:47]} Qb6# {[%clk 0:13:12]} 0-1